000 00941nam a22002657a 4500
999 _c158206
_d158206
005 20181020155412.0
010 _aENG-124349
020 _a9789380705101
_c250.00
020 _a9789380705064
035 _aEN-107881
037 _bDBAD/PUB
082 _a305.5688
245 1 0 _aPopulation profile of scheduled castes in orissa /
_ced. by A.B.Ota; B.N. Mohanty [and] S.C Mohanty; compiled by Sridhar Panda...[et...all]
260 _aBhubaneswar (Orisa)
_bSchedueld Castes and Scheduled Tribes Research and Training Institute
_c2011
270 _aGoverment of Orissa, C.R.P.F. Square,
_bBhubaneswar (Orisa)
_e751003
300 _a267p.
_c25cm(Hb)
500 _aIt includes references.
650 _aCities and towns.
650 _aCities and towns
_vPictorial works.
700 _aOta A.B.
700 _aMohanty B.N.
700 _aMohanty S.C.
700 _aPanda Sridhar
942 _2ddc
_cEN
_mPOP
_h305.5688